000
00294nam a2200121Ia 4500
008
240126s9999 xx 000 0 und d
041
_a
English
245
0
_a
Standards India (2007 -
260
_b
Bureau of Indian Standard,
440
_a
I
650
_a
Standards,India,(2007,-
942
_c
JN
999
_c
254363
_d
254363